| 000 | 00882nam a22001817a 4500 | ||
|---|---|---|---|
| 005 | 20260313144935.0 | ||
| 010 | _aBACHN26 | ||
| 020 |
_a9789349218840 _c400.00 |
||
| 037 | _bसमकालीन प्रकाशन | ||
| 082 |
_21 _a954 |
||
| 245 |
_aभारत एवं तिब्बत: _bसुरक्षा एवं सांस्कृतिक संचार/ _cरविंदर सिंह [और] हरिओम कोचर द्वारा सम्पादित |
||
| 250 | _a1 | ||
| 260 |
_bसमकालीन प्रकाशन _c2025 _aनई दिल्ली |
||
| 300 |
_a159पृ. _c22सी.मी(साजिल्द) |
||
| 700 |
_aरविंदर सिंह _eसंपादक _988464 |
||
| 700 |
_aकोचर, हरिओम _eसंपादक _988465 |
||
| 942 |
_2ddc _mभारत _cHN _h954 |
||
| 999 |
_c215572 _d215572 |
||